[Event "Reykjavik Open 2026"]
[Site "Reykjavik"]
[Date "2026.03.30"]
[Round "8.144"]
[White "Brynjarsson, Orvar Holm"]
[Black "Austin, Freya"]
[Result "0-1"]
[WhiteElo "1845"]
[WhiteFideId "2321726"]
[BlackElo "1708"]
[BlackFideId "39932079"]
[Variant "Standard"]

1. e4 c5 2. Nf3 Nc6 3. d4 cxd4 4. Nxd4 g6 5. c4 Nf6 6. Nc3 d6 7. Be2 Nxd4 8. Qxd4 Bg7 9. O-O O-O 10. Qd3 Be6 11. Be3 Qa5 12. b4 Qxb4 13. Rab1 Qa5 14. Rxb7 Bxc4 15. Qxc4 Rfc8 16. Qa4 Qxc3 17. Rxe7 Qc2 18. Qxc2 Rxc2 19. Bf3 Bf8 20. Rxa7 Rxa7 21. Bxa7 Rxa2 22. Be3 Ra4 23. Rc1 Nxe4 24. g3 d5 25. Rc8 Kg7 26. Rd8 Nf6 27. Bxd5 Ra1+ 28. Kg2 Rd1 29. Bh6+ Kxh6 30. Rxf8 Rxd5 31. Rxf7 Rf5 32. f3 Nd5 33. Rb7 g5 34. Ra7 Ne3+ 35. Kf2 Ng4+ 36. Kg2 Ne5 37. Ra5 Kg6 38. g4 Nxg4 39. Ra4 Ne5 40. Ra3 Kh5 41. Kg3 Rf4 42. Rc3 Ng6 43. Rc7 h6 44. Rc3 Nh4 45. Rd3 Nf5+ 46. Kh3 Rxf3+ 47. Rxf3 g4+ 48. Kg2 Nh4+ 49. Kg3 gxf3 0-1

[Event "Reykjavik Open 2026"]
[Site "Reykjavik"]
[Date "2026.03.30"]
[Round "8.145"]
[White "Labruyere, Robert Nirina"]
[Black "Tran, Anh Hai"]
[Result "0-1"]
[WhiteElo "1836"]
[WhiteFideId "285943"]
[BlackElo "1705"]
[BlackFideId "2334259"]
[Variant "Standard"]

1. e4 d6 2. Nf3 Nf6 3. d3 g6 4. g3 Bg7 5. Bg2 O-O 6. O-O c5 7. h3 Nc6 8. Be3 Qb6 9. Nbd2 Qxb2 10. Nc4 Qb5 11. Nfd2 Qa6 12. a4 Be6 13. g4 Nd7 14. Ra3 Nb6 15. Nxb6 axb6 16. c4 Nb4 17. f4 Bd7 18. Bf2 Bxa4 19. Qf3 Bb2 20. Rfa1 Bxa1 21. Rxa1 b5 22. f5 Qc6 23. Qg3 Qd7 24. e5 bxc4 25. dxc4 Bc6 26. Rf1 Bxg2 27. Qxg2 Ra2 28. Be3 dxe5 29. Bh6 Rd8 30. fxg6 hxg6 31. Qf3 Qe6 32. Ne4 Rd3 33. Be3 b6 34. Ng5 Qf6 35. Qe4 Qxf1+ 36. Kxf1 Rd1# 0-1

[Event "Reykjavik Open 2026"]
[Site "Reykjavik"]
[Date "2026.03.30"]
[Round "8.146"]
[White "Helgadottir, Idunn"]
[Black "Walo, Max"]
[Result "0-1"]
[WhiteElo "1831"]
[WhiteFideId "2314118"]
[BlackElo "1705"]
[BlackFideId "1354701"]
[Variant "Standard"]

1. d4 e6 2. Nf3 f5 3. c4 Nf6 4. Nc3 Bb4 5. Qc2 O-O 6. Bg5 b6 7. e3 Bb7 8. Be2 d6 9. a3 Bxc3+ 10. Qxc3 Nbd7 11. O-O Qe8 12. Bxf6 Nxf6 13. b4 Ne4 14. Qc2 Qg6 15. c5 Rae8 16. Rfd1 Qf6 17. a4 g5 18. Ne1 g4 19. c6 Bc8 20. g3 h5 21. Ng2 Re7 22. Nh4 Rg7 23. Bc4 Ng5 24. Qe2 Kh8 25. a5 e5 26. axb6 axb6 27. Ra8 f4 28. Rf1 f3 29. Qd3 e4 30. Qc2 Be6 31. Rxf8+ Qxf8 32. Bxe6 Nxe6 33. Qxe4 Ng5 34. Ng6+ Kg8 35. Qd5+ Qf7 36. Qxg5 Qxg6 37. Qxg6 Rxg6 38. Ra1 Re6 39. Ra8+ Kg7 40. Rd8 Re7 41. Kf1 Kf6 42. Ke1 Ke6 43. Kd2 Kd5 44. Rd7 Re8 45. Rxc7 Ra8 46. b5 Kc4 47. Rf7 Ra2+ 48. Kc1 Kc3 49. Kb1 Rb2+ 50. Ka1 Kb3 51. Ra7 Rxf2 0-1

[Event "Reykjavik Open 2026"]
[Site "Reykjavik"]
[Date "2026.03.30"]
[Round "8.147"]
[White "Otto, Michael"]
[Black "Chung, Kevin"]
[Result "0-1"]
[WhiteElo "1827"]
[WhiteFideId "24617822"]
[BlackElo "1681"]
[BlackFideId "30977282"]
[Variant "Standard"]

1. e4 e5 2. Nc3 Nf6 3. g3 Bc5 4. Bg2 Nc6 5. h3 d6 6. Na4 Bb6 7. Nxb6 axb6 8. Ne2 Qe7 9. O-O O-O 10. d3 Ne8 11. f4 f5 12. exf5 exf4 13. g4 f3 14. Bxf3 Qh4 15. Bg2 h5 16. Qe1 Qxe1 17. Rxe1 Nb4 18. Nd4 c5 19. c3 Nxd3 20. Bd5+ Kh8 21. Ne6 Rxf5 22. gxf5 Nxe1 23. Be4 Nf6 24. Bb1 Nf3+ 25. Kf2 Ne5 26. a3 Bd7 27. Ba2 Bc6 28. Be3 Ne4+ 29. Ke2 Bb5+ 30. c4 Nxc4 31. Kf3 Nf6 32. Nc7 Ne5+ 33. Kg3 Ra5 34. Rd1 Bc4 35. Bb1 d5 36. Bf4 Nc6 37. Bd2 Ra7 38. Re1 Kg8 39. Bg5 Kf7 40. Kh4 Nd4 41. Re3 Ba2 42. Bxf6 gxf6 43. Re1 Nf3+ 0-1

[Event "Reykjavik Open 2026"]
[Site "Reykjavik"]
[Date "2026.03.30"]
[Round "8.148"]
[White "Gilbert, Alistair"]
[Black "Akason, Aevar"]
[Result "1-0"]
[WhiteElo "1820"]
[WhiteFideId "343419160"]
[BlackElo "1557"]
[BlackFideId "2307090"]
[Variant "Standard"]

1. Nf3 d5 2. c4 e6 3. g3 Nf6 4. Bg2 b6 5. O-O Bb7 6. d4 Nbd7 7. cxd5 exd5 8. Nc3 Be7 9. Bf4 a6 10. Rc1 c5 11. Ne5 O-O 12. dxc5 Nxc5 13. Nd3 Ne6 14. e3 Nxf4 15. Nxf4 Rc8 16. Qb3 Rc5 17. Rcd1 Qc8 18. Nfxd5 Nxd5 19. Nxd5 Bxd5 20. Rxd5 Rxd5 21. Bxd5 Bf6 22. Qxb6 Qc2 23. b4 Bc3 24. Bb3 Qe4 25. Qxa6 Qxb4 26. Rd1 Bf6 27. Qa7 Qe4 28. Qd7 g6 29. Qd5 Qe7 30. Qc4 Kg7 31. Qc6 Rd8 32. Rxd8 Qxd8 33. Bd5 Be7 34. a4 Qd6 35. Qc4 Qf6 36. Kg2 Bd8 37. Qb5 Qb6 38. Qe8 Qf6 39. Bxf7 Qxf7 40. Qxd8 Qb7+ 41. Kh3 Qa6 42. Qd7+ Kh6 43. Kg2 Qa8+ 44. Kg1 Qe4 45. Qd1 Qb4 46. Qf3 Qxa4 47. Qf4+ Qxf4 48. exf4 g5 49. fxg5+ Kxg5 50. Kg2 h5 51. Kf3 Kf5 52. h3 Ke5 53. Ke3 Kf5 54. f4 1-0

[Event "Reykjavik Open 2026"]
[Site "Reykjavik"]
[Date "2026.03.30"]
[Round "8.149"]
[White "Frederick, Benjamin"]
[Black "Magnusson, Gisli"]
[Result "1/2-1/2"]
[WhiteElo "1681"]
[WhiteFideId "39936180"]
[BlackElo "1816"]
[BlackFideId "1437330"]
[Variant "Standard"]

1. e4 c6 2. d4 d5 3. exd5 cxd5 4. Bd3 Nc6 5. c3 Nf6 6. h3 e5 7. dxe5 Nxe5 8. Nf3 Nxd3+ 9. Qxd3 Bd6 10. O-O O-O 11. Bg5 h6 12. Bh4 g5 13. Bg3 Nh5 14. Bxd6 Qxd6 15. Nd4 Nf4 16. Qf3 Bd7 17. Nd2 b5 18. N2b3 a5 19. Ne2 Nxe2+ 20. Qxe2 a4 21. Nd4 Rab8 22. a3 Rfe8 23. Qd3 Qf4 24. Rfe1 Re5 25. Rxe5 Qxe5 26. Qe3 Qxe3 27. fxe3 Re8 28. Kf2 f5 29. Rd1 Kf7 30. Nc2 Bc6 31. Rd4 Re4 32. Nb4 Rxd4 33. cxd4 Bb7 34. Nd3 Ke7 35. Ke2 Bc8 36. Kd2 h5 37. Ne5 Bd7 38. Nd3 h4 39. Ke2 Kf6 40. Kf2 g4 41. hxg4 fxg4 42. Nf4 Be6 43. Ne2 Bd7 44. Nf4 Bc6 45. Ne2 Kf5 46. Nc3 { Draw agreed. } 1/2-1/2

[Event "Reykjavik Open 2026"]
[Site "Reykjavik"]
[Date "2026.03.30"]
[Round "8.150"]
[White "Larsson, Elin"]
[Black "Austin, Hazel"]
[Result "1-0"]
[WhiteElo "1815"]
[WhiteFideId "1771787"]
[BlackElo "1501"]
[BlackFideId "39951138"]
[Variant "Standard"]

1. e4 Nf6 2. e5 Nd5 3. d4 d6 4. Nf3 dxe5 5. Nxe5 c6 6. Be2 g6 7. O-O Bg7 8. Nf3 O-O 9. c4 Nf6 10. h3 c5 11. Nc3 e6 12. Be3 Qb6 13. Na4 Qd6 14. Nxc5 Nc6 15. a3 Rd8 16. Nb3 a5 17. a4 Ne4 18. Bd3 Nf6 19. Bc2 Qc7 20. Qe2 Nb4 21. Rac1 Nxc2 22. Qxc2 Bd7 23. Nc5 Bc6 24. Ne5 Nh5 25. Nxc6 Qxc6 26. Rfd1 Rac8 27. b3 b6 28. Ne4 Rd7 29. g4 Nf6 30. Nxf6+ Bxf6 31. Rd3 Rcd8 32. Rcd1 Qe4 33. Qc3 Rc8 34. Kh2 Kg7 35. g5 Bd8 36. d5+ e5 37. Qd2 Rd6 38. Qe2 Qf5 39. Qg4 Qxg4 40. hxg4 Bc7 41. Kg2 Rcd8 42. Rh1 R6d7 43. Bd2 Bd6 44. Bc3 Re8 45. Rdh3 Rh8 46. f4 f6 47. gxf6+ Kxf6 48. fxe5+ Bxe5 49. Rf3+ Kg5 50. Bxe5 Re8 51. Bf6+ 1-0

[Event "Reykjavik Open 2026"]
[Site "Reykjavik"]
[Date "2026.03.30"]
[Round "8.151"]
[White "Gautier, Marc"]
[Black "Xu, Ruixi"]
[Result "1-0"]
[WhiteElo "1811"]
[WhiteFideId "20690657"]
[BlackElo "1550"]
[BlackFideId "8640610"]
[Variant "Standard"]

1. e4 c5 2. Nf3 d6 3. d4 cxd4 4. Qxd4 Nc6 5. Bb5 Bd7 6. Bxc6 Bxc6 7. Nc3 Nf6 8. Bg5 Qa5 9. O-O-O Qc5 10. Rhe1 Qxd4 11. Nxd4 Ng4 12. f3 Ne5 13. Ncb5 Kd7 14. Nxc6 Nxc6 15. Nd4 Kc7 16. h3 h6 17. Be3 a6 18. b3 g5 19. Bf2 Bg7 20. Nf5 Bf6 21. Bd4 h5 22. Rf1 e6 23. Ne3 Rhf8 24. Kb1 Rad8 25. g3 1-0

[Event "Reykjavik Open 2026"]
[Site "Reykjavik"]
[Date "2026.03.30"]
[Round "8.153"]
[White "Grettisson, Arnar Breki"]
[Black "Erlendsson Weinert, Robin Peter"]
[Result "1-0"]
[WhiteElo "1808"]
[WhiteFideId "2322790"]
[BlackElo "1442"]
[BlackFideId "2330954"]
[Variant "Standard"]

1. e4 c5 2. Nc3 Nc6 3. Bb5 g6 4. Bxc6 bxc6 5. d3 Bg7 6. f4 d5 7. Nf3 h5 8. O-O d4 9. Na4 Qd6 10. e5 Qe6 11. Nxc5 Qd5 12. Ne4 Bf5 13. Re1 Rd8 14. b3 Nh6 15. Nf6+ exf6 16. exf6+ Kf8 17. Ba3+ Kg8 18. fxg7 Kxg7 19. Re5 Qd7 20. Bc5 Bg4 21. h3 Bxf3 22. Qxf3 Nf5 23. Rae1 h4 24. a4 Rhe8 25. Rxe8 Rxe8 26. Rxe8 Qxe8 27. Qe4 Qd7 28. Qe5+ Kh7 29. Kf2 a6 30. Ke2 Qd8 31. b4 Qd7 32. Kd2 Qd8 33. c3 dxc3+ 34. Kxc3 Qd7 35. Bd4 Qd8 36. Qf6 Qe8 37. Be5 Qf8 38. Qxc6 a5 39. Qc5 axb4+ 40. Kxb4 Qa8 41. Qc7 Qf8+ 42. Kb5 Qe8+ 43. Qc6 Qd8 44. Qc4 Qe8+ 45. Kb6 Ne7 46. a5 Qd8+ 47. Bc7 Nd5+ 48. Kb7 Ne7 49. Bxd8 1-0

[Event "Reykjavik Open 2026"]
[Site "Reykjavik"]
[Date "2026.03.30"]
[Round "8.155"]
[White "Bernstein, Charles B"]
[Black "Ardu, Luigi"]
[Result "0-1"]
[WhiteElo "1667"]
[WhiteFideId "39970639"]
[BlackElo "1804"]
[BlackFideId "811904"]
[Variant "Standard"]

1. d4 Nf6 2. c4 e6 3. Nc3 d5 4. cxd5 exd5 5. Bg5 Be6 6. e3 c5 7. Bd3 cxd4 8. exd4 Bd6 9. Nge2 Nc6 10. O-O Bxh2+ 11. Kh1 Bc7 12. Nb5 Bb8 13. Nf4 h6 14. Nxe6 hxg5+ 15. Kg1 fxe6 16. Bg6+ Kf8 17. Re1 Qd7 18. Qd2 Bh2+ 19. Kf1 Bf4 20. Qd3 a6 21. Nc3 Nb4 22. Qf3 Nc2 23. Bxc2 Rd8 24. g3 Bc7 25. g4 Rh4 26. Re5 Rxg4 27. Qh3 Rh4 28. Qf3 Rf4 29. Qh3 Bxe5 30. dxe5 Ng8 31. Ne2 Rh4 32. Qg3 Nh6 33. Ng1 Rf4 34. Qh3 Qf7 0-1

[Event "Reykjavik Open 2026"]
[Site "Reykjavik"]
[Date "2026.03.30"]
[Round "8.156"]
[White "Olszewski, Milosz Ulfur"]
[Black "Sakinis, Rimandas"]
[Result "1-0"]
[WhiteElo "1646"]
[WhiteFideId "2330199"]
[BlackElo "1804"]
[BlackFideId "12864749"]
[Variant "Standard"]

1. d4 Nf6 2. c4 d6 3. Nc3 g6 4. e4 Bg7 5. Nf3 O-O 6. Be2 c6 7. Be3 Nbd7 8. O-O e5 9. d5 Qc7 10. b4 Ng4 11. Bg5 f6 12. h3 Nxf2 13. Rxf2 fxg5 14. dxc6 bxc6 15. Nxg5 Rxf2 16. Kxf2 Qb6+ 17. c5 Nxc5 18. bxc5 Qxc5+ 19. Kf1 Qxc3 20. Rc1 Qe3 21. Bc4+ Kh8 22. Nf7+ Kg8 23. Ng5+ Kh8 24. Nf7+ Kg8 25. Nxd6+ Kh8 26. Nf7+ Kg8 27. Nh6+ 1-0

[Event "Reykjavik Open 2026"]
[Site "Reykjavik"]
[Date "2026.03.30"]
[Round "8.159"]
[White "Putnam, Bill Howard"]
[Black "Andresson, Bernardo Tino"]
[Result "1-0"]
[WhiteElo "1670"]
[WhiteFideId "39907791"]
[BlackElo "1888"]
[BlackFideId "1483943"]
[Variant "Standard"]

1. d4 d5 2. Nc3 Nf6 3. Bf4 a6 4. e3 Nc6 5. Nf3 Bg4 6. h3 Bh5 7. g4 Bg6 8. Ne5 Nxe5 9. dxe5 Ne4 10. Nxe4 dxe4 11. e6 h5 12. g5 Qxd1+ 13. Rxd1 Rd8 14. Bxc7 Rc8 15. Bb6 fxe6 16. c3 Rc6 17. Rd8+ Kf7 18. Bd4 Rd6 19. Rb8 b5 20. c4 bxc4 21. Bxc4 Rc6 22. b3 h4 23. Rb6 Rxb6 24. Bxb6 Rh5 25. Rg1 a5 26. Be2 Rh8 27. Bxa5 Bf5 28. Bg4 g6 29. Bc3 Bg7 30. Bxg7 Kxg7 31. Kd2 Rd8+ 32. Kc2 Rc8+ 33. Kb2 Rd8 34. Bxf5 exf5 35. Kc2 Rc8+ 36. Kd2 Rd8+ 37. Ke2 Ra8 38. a4 Rb8 39. Rb1 Ra8 40. Rb2 Kf7 41. Ra2 Ke6 42. a5 Kd6 43. b4 Kc6 44. Kd2 Kb5 45. Kc3 Rc8+ 46. Kd4 Kxb4 47. a6 Kb5 48. a7 Ra8 49. Ke5 Kc6 50. Ke6 Kc7 51. Kxe7 Rxa7 52. Rxa7+ Kc6 53. Ra6+ Kd5 54. Kf6 Kc4 55. Kxg6 1-0

[Event "Reykjavik Open 2026"]
[Site "Reykjavik"]
[Date "2026.03.30"]
[Round "8.160"]
[White "Puffaldt, Yorik"]
[Black "Gilsdottir, Sara"]
[Result "1-0"]
[WhiteElo "1877"]
[WhiteFideId "34634444"]
[BlackElo "1681"]
[BlackFideId "1574337"]
[Variant "Standard"]

1. e4 c6 2. d4 d5 3. Nc3 dxe4 4. Nxe4 Nf6 5. Ng3 Bg4 6. Be2 Bxe2 7. N1xe2 e6 8. Qd3 Bd6 9. Ne4 Nxe4 10. Qxe4 Nd7 11. Bd2 Nf6 12. Qf3 Qc7 13. h4 h5 14. O-O-O O-O-O 15. Bg5 Rdg8 16. Bxf6 gxf6 17. Qxf6 Be7 18. Qf3 Rg4 19. g3 Bd6 20. Rhe1 f5 21. Nc3 Rh6 22. Rd3 f4 23. Ne4 fxg3 24. fxg3 Rhg6 25. Nc5 Rxg3 26. Qxh5 Qa5 27. Rf1 Rg1 28. Rdd1 Qxa2 29. Nb3 Rxf1 30. Rxf1 Bf4+ 31. Rxf4 Rg1+ 32. Kd2 Rg2+ 33. Kc3 Rg3+ 34. Rf3 Rg8 35. Qf7 Rd8 36. Qxe6+ Kc7 37. Rf7+ Kb6 38. Qe7 Rb8 39. Qb4+ Ka6 40. Nc5# 1-0

[Event "Reykjavik Open 2026"]
[Site "Reykjavik"]
[Date "2026.03.30"]
[Round "8.161"]
[White "Seshadri, Sridhar"]
[Black "Ekam, Singh"]
[Result "0-1"]
[WhiteElo "1658"]
[WhiteFideId "30913942"]
[BlackElo "1875"]
[BlackFideId "33334234"]
[Variant "Standard"]

1. c4 Nf6 2. Nc3 e6 3. e4 d5 4. cxd5 exd5 5. exd5 Nxd5 6. Bc4 Be6 7. Qb3 Nb4 8. Bxe6 fxe6 9. Qxe6+ Be7 10. Qe4 O-O 11. Nf3 Rf4 12. Qe6+ Kh8 13. O-O N8c6 14. a3 Nc2 15. Rb1 N2d4 16. Nxd4 Nxd4 17. Qd5 Bd6 18. Ne4 Qh4 19. Ng3 Rf5 20. Qxd4 Qxd4 21. Nxf5 Bxh2+ 22. Kxh2 Qd3 23. Ne3 Qxb1 24. d4 Re8 25. Kg1 Qd3 26. d5 a5 27. g4 h6 28. Kg2 Qe4+ 29. Kg3 Qd3 30. Kg2 Rf8 31. f3 Re8 32. Kf2 Qd4 33. Re1 Qf4 34. Kg2 Qd4 35. Nf5 Rxe1 36. Nxd4 Rxc1 37. Kf2 Rb1 38. b3 Rc1 39. a4 Rc3 40. Ke2 Rc5 41. Nb5 Rxd5 42. Nxc7 Rc5 43. Nb5 Kh7 44. Ke3 Kg6 45. f4 Rc1 46. Nd4 Kf6 47. Ke4 Rc3 48. Kd5 Rg3 49. g5+ hxg5 50. fxg5+ Rxg5+ 51. Kd6 Rg3 52. Kc5 Ke5 53. Nb5 Rxb3 54. Kb6 Rxb5+ 55. Kxb5 g5 56. Kxa5 g4 57. Kb6 g3 58. Kxb7 g2 59. a5 g1=Q 60. a6 Qg2+ 61. Kb8 Kd6 62. a7 Qc6 63. a8=N Qb5+ 64. Kc8 Qa6+ 65. Kb8 Kc6 66. Nc7 Qb7# 0-1

[Event "Reykjavik Open 2026"]
[Site "Reykjavik"]
[Date "2026.03.30"]
[Round "8.162"]
[White "Kleinert, Juergen"]
[Black "Beyer, Nico"]
[Result "1-0"]
[WhiteElo "1863"]
[WhiteFideId "4659180"]
[BlackElo "1668"]
[BlackFideId "34671080"]
[Variant "Standard"]

1. e4 c5 2. c3 Nf6 3. e5 Nd5 4. d4 cxd4 5. Nf3 Nc6 6. cxd4 d6 7. Bc4 Nb6 8. Bb5 a6 9. Bxc6+ bxc6 10. O-O g6 11. Nc3 Bg7 12. Re1 O-O 13. Bg5 Qc7 14. Rc1 h6 15. Bf4 g5 16. Bg3 Bg4 17. h4 f5 18. hxg5 hxg5 19. Qb3+ d5 20. Nxg5 f4 21. Bh4 e6 22. f3 Bf5 23. Ne2 Nc4 24. Nxf4 Qe7 25. g4 Bxg4 26. fxg4 Rxf4 27. Qg3 Raf8 28. Nh7 Rf3 29. Qh2 Qf7 30. Nxf8 Bxf8 31. Bf6 Qg6 32. Qh8+ Kf7 33. Qh5 Rg3+ 34. Kf2 Rxg4 35. Qxg6+ Kxg6 36. Rg1 Rxg1 37. Rxg1+ Kf5 38. b3 Nd2 39. Ke3 Ne4 40. Bd8 Bb4 41. Rf1+ Kg4 42. Bb6 Bd2+ 43. Kd3 Bf4 44. a4 Nd2 45. Rxf4+ 1-0

[Event "Reykjavik Open 2026"]
[Site "Reykjavik"]
[Date "2026.03.30"]
[Round "8.163"]
[White "Tant, Sander"]
[Black "Gain, Soheil"]
[Result "1/2-1/2"]
[WhiteElo "1623"]
[WhiteFideId "281166"]
[BlackElo "1862"]
[BlackFideId "646563"]
[Variant "Standard"]

1. d4 e6 2. Nc3 d5 3. Bf4 Bd6 4. e3 Ne7 5. Bd3 b6 6. Nf3 Bxf4 7. exf4 Ba6 8. Bxa6 Nxa6 9. O-O O-O 10. Ne5 c5 11. Ne2 cxd4 12. Nxd4 Rc8 13. c3 Nc5 14. Re1 Ne4 15. Qh5 Ng6 16. Nxg6 hxg6 17. Qh3 Qf6 18. g3 b5 19. a3 Rc5 20. Nf3 g5 21. Nxg5 Nxg5 22. fxg5 Qxg5 23. Rad1 Rc4 24. Re3 Rfc8 25. Red3 a5 26. Rd4 Rxd4 27. Rxd4 Rc4 28. f4 Qf6 29. Rxc4 bxc4 30. Qg4 d4 31. Qf3 1/2-1/2

[Event "Reykjavik Open 2026"]
[Site "Reykjavik"]
[Date "2026.03.30"]
[Round "8.164"]
[White "Klasinc, Kristjan"]
[Black "Hagestad, Iver Dagsonn"]
[Result "½-½"]
[WhiteElo "1853"]
[WhiteFideId "12966460"]
[BlackElo "1666"]
[BlackFideId "1592335"]
[Variant "Standard"]

1. f4 Nf6 2. Nf3 d5 3. g3 e6 4. Bg2 b5 5. O-O Bb7 6. c3 c5 7. d3 Be7 8. h3 O-O 9. Kh2 Qc7 10. Nbd2 Nbd7 11. Qe1 Rfe8 12. e4 dxe4 13. Nxe4 e5 14. Nxe5 Nxe5 15. fxe5 Nxe4 16. Bxe4 Rad8 17. Bf4 Bxe4 18. Qxe4 Qb6 19. Rad1 Qe6 20. b3 Rd7 21. d4 Red8 22. Be3 f6 23. Rde1 cxd4 24. Bxd4 fxe5 25. Qxe5 Qxe5 26. Rxe5 Bf6 27. Rxf6 gxf6 28. Rxb5 Re8 29. a4 Re2+ 30. Kg1 Ra2 31. Rf5 Re7 32. Rf2 Rxf2 33. Kxf2 Kf7 34. Kf3 Kg6 35. a5 a6 36. b4 f5 37. g4 Re6 38. gxf5+ Kxf5 39. Be3 Re4 40. Ke2 Ke5 41. Kd2 Kd5 42. Bg5 ½-½

[Event "Reykjavik Open 2026"]
[Site "Reykjavik"]
[Date "2026.03.30"]
[Round "8.165"]
[White "Hauksdottir, Hrund"]
[Black "Manuel Dos Santos, Fabio"]
[Result "1-0"]
[WhiteElo "1830"]
[WhiteFideId "2302608"]
[BlackElo "1644"]
[BlackFideId "533009511"]
[Variant "Standard"]

1. e4 c5 2. Nf3 d6 3. d4 cxd4 4. Nxd4 Nf6 5. Nc3 g6 6. Nf3 Nc6 7. h3 Bg7 8. Bd3 O-O 9. O-O Nd7 10. Nd5 Nce5 11. Bg5 f6 12. Be3 Nxf3+ 13. Qxf3 Ne5 14. Qe2 Nxd3 15. Qxd3 b6 16. Nxb6 axb6 17. Qd5+ Be6 18. Qxe6+ Kh8 19. c3 Qc7 20. Rfd1 Rfe8 21. Rd4 Ra6 22. Rb4 Rb8 23. a3 b5 24. Rc1 Ra4 25. b3 Rxb4 26. cxb4 Qd8 27. a4 bxa4 28. bxa4 h5 29. a5 Qg8 30. Qxg8+ Kxg8 31. a6 f5 32. a7 Ra8 33. exf5 gxf5 34. Rc7 Kf7 35. Rb7 1-0

[Event "Reykjavik Open 2026"]
[Site "Reykjavik"]
[Date "2026.03.30"]
[Round "8.166"]
[White "Cogelja, Mihovil Niko"]
[Black "Beatty, Samuel"]
[Result "1-0"]
[WhiteElo "1829"]
[WhiteFideId "2528304"]
[BlackElo "1633"]
[BlackFideId "1344390"]
[Variant "Standard"]

1. e4 e6 2. d4 d5 3. Nd2 dxe4 4. Nxe4 Nd7 5. Nf3 Ngf6 6. Nxf6+ Nxf6 7. g3 c5 8. Bg2 Be7 9. O-O O-O 10. b3 Qc7 11. Qe2 cxd4 12. Nxd4 Rd8 13. Nb5 Qa5 14. a4 Bd7 15. Na3 Rab8 16. Bf4 Rbc8 17. Bxb7 Rc5 18. Nc4 Qb4 19. Bg2 Nd5 20. Be5 Nb6 21. Bd4 Rc7 22. Qe5 Bf6 23. Qxc7 Rc8 24. Qf4 1-0

[Event "Reykjavik Open 2026"]
[Site "Reykjavik"]
[Date "2026.03.30"]
[Round "8.167"]
[White "Steiner, Peter Markus"]
[Black "Lekoudis, George"]
[Result "1-0"]
[WhiteElo "1634"]
[WhiteFideId "12938491"]
[BlackElo "1814"]
[BlackFideId "484679"]
[Variant "Standard"]

1. b4 e5 2. Bb2 d6 3. e3 Nf6 4. c4 b6 5. Nf3 Bb7 6. Be2 Be7 7. Nc3 O-O 8. O-O Nc6 9. b5 Nb8 10. d4 Nbd7 11. a4 a5 12. Rc1 Ne8 13. Nd5 e4 14. Nxe7+ Qxe7 15. Nd2 f5 16. g3 Qg5 17. Qb3 Kh8 18. f4 Qh6 19. Rf2 Rf6 20. Rcf1 Rg6 21. Qd1 Nef6 22. c5 bxc5 23. dxc5 Nxc5 24. Nc4 Ng4 25. Bxg4 Rxg4 26. Bd4 Nd3 27. Rg2 Qe6 28. Nb2 Nb4 29. h3 Rg6 30. g4 h6 31. Rff2 Rf8 32. gxf5 Rxf5 33. Rxg6 Qxg6+ 34. Rg2 Qh5 35. Qxh5 Rxh5 36. Rxg7 Rd5 37. Rxc7+ Rxd4 38. exd4 Bd5 39. Nc4 Nd3 40. Ne3 1-0

[Event "Reykjavik Open 2026"]
[Site "Reykjavik"]
[Date "2026.03.30"]
[Round "8.168"]
[White "Aoun, Karim"]
[Black "Arnalds, Stefan"]
[Result "1-0"]
[WhiteElo "1607"]
[WhiteFideId "5314216"]
[BlackElo "1809"]
[BlackFideId "2304821"]
[Variant "Standard"]

1. e4 c5 2. Nf3 e6 3. d4 cxd4 4. Nxd4 Nf6 5. Nc3 Nc6 6. Ndb5 Bb4 7. a3 Bxc3+ 8. Nxc3 d5 9. exd5 exd5 10. Bd3 O-O 11. O-O Bg4 12. f3 Be6 13. Bg5 Ne5 14. Re1 Ned7 15. Qd2 Re8 16. Kh1 Rc8 17. Nb5 Qb6 18. Be3 Qd8 19. Nd6 d4 20. Nxe8 dxe3 21. Nxf6+ Qxf6 22. Qxe3 Qxb2 23. Rab1 Qxa3 1-0

[Event "Reykjavik Open 2026"]
[Site "Reykjavik"]
[Date "2026.03.30"]
[Round "8.169"]
[White "Schimmer, Michael"]
[Black "Sverrisson, Dagur"]
[Result "1/2-1/2"]
[WhiteElo "1797"]
[WhiteFideId "24606014"]
[BlackElo "1585"]
[BlackFideId "2326175"]
[Variant "Standard"]

1. e4 e5 2. Nf3 Nc6 3. Bb5 a6 4. Ba4 Nf6 5. O-O b5 6. Bb3 Be7 7. Re1 d6 8. c3 O-O 9. h3 Bb7 10. d4 Re8 11. Nbd2 Bf8 12. Bc2 g6 13. Nf1 Bg7 14. d5 Nb8 15. Be3 Nbd7 16. Qd2 c6 17. dxc6 Bxc6 18. Ng3 d5 19. Bh6 dxe4 20. Nxe4 Nxe4 21. Bxe4 Bxe4 22. Rxe4 Nc5 23. Re2 Qxd2 24. Bxd2 e4 25. Nd4 Rad8 26. Be3 Nd3 27. a4 b4 28. Nc6 Rc8 29. Nxb4 Nxb2 30. Bd4 Bxd4 31. cxd4 a5 32. Rxb2 Rb8 33. Rab1 axb4 34. Rxb4 Ra8 35. Rc1 f5 36. Kf1 e3 37. d5 exf2 38. Kxf2 Ra5 39. Rd1 Rd8 40. Rbd4 Kf7 41. Kf3 Kf6 42. g4 fxg4+ 43. hxg4 Rd6 44. Ke4 h5 45. Rf1+ Ke7 46. g5 Rda6 47. Ke5 Re6+ 48. Kf4 Rea6 49. Re1+ Kd7 50. Ree4 Rd6 51. Re5 Rda6 52. Ke4 Rxa4 53. Ke3 Rxd4 54. Kxd4 h4 55. Ke3 h3 56. Kf2 Ra8 57. Kg1 Kd6 58. Re6+ Kxd5 59. Rxg6 Ke5 60. Kh2 Kf5 61. Rh6 Kxg5 62. Rxh3 Ra2+ 63. Kg1 Kg4 64. Rh2 Rxh2 65. Kxh2 1/2-1/2

[Event "Reykjavik Open 2026"]
[Site "Reykjavik"]
[Date "2026.03.30"]
[Round "8.170"]
[White "Jonsdottir, Halldora"]
[Black "Winter, Kevin"]
[Result "1/2-1/2"]
[WhiteElo "1593"]
[WhiteFideId "2321939"]
[BlackElo "1791"]
[BlackFideId "421960"]
[Variant "Standard"]

1. e4 d6 2. d4 Nf6 3. Nc3 Nbd7 4. Nf3 e5 5. Bc4 Be7 6. O-O c6 7. Re1 Qc7 8. a4 h6 9. b3 O-O 10. Bb2 Re8 11. Rb1 a5 12. h3 b6 13. d5 c5 14. Nh4 Nf8 15. Bb5 Bd7 16. Nf5 Bxb5 17. Nxb5 Qd7 18. Qf3 Ng6 19. Qg3 Bf8 20. Bc1 Kh7 21. Bd2 Rac8 22. Qf3 Ng8 1/2-1/2